000
00245nam a2200097Ia 4500
082
_a
EKF SMIT
245
0
_a
123 and other stories
100
_a
Rogers, Elizabeth London, 2009
942
_c
BK
008
210817s9999 xx 000 0 und d
999
_c
239558
_d
239557